000 00666cam a2200217 a 4500
001 000001321
003 OSt
005 20200929145536.0
008 700706s1969 xxc b 000 0beng
040 _aDO-SdBNP
_bspa
_cBNPHU
082 _a922.271
_bT686B
100 1 _aBoorman, Sylvia,
_d1923-
_94461
245 1 0 _aJohn Toronto :
_ba biography of Bishop Strachan /
_cSylvia Boorman.
260 _aToronto, Ontario, Canada :
_bClarke Irwin,
_c1969.
300 _a222 p. ;
_c22 cm.
504 _aBibliografía: p. [219]-222.
590 _aInventariado, 2020/ YL
600 1 0 _aSTRACHAN, JOHN,
_d1778-1867.
_xBIOGRAFÍA
_94462
910 _aEn proceso
942 _2ddc
_cLF1
999 _c1255
_d1255